Red Velvet In Every Era - Statistics

General Stats
  • This quiz has been taken 49 times
  • The average score is 21 of 24
Answer Stats
Picture Answer % Correct
Power Up
98%
Russian Roulette
98%
RBB (Really Bad Boy)
95%
Zimzalabim
95%
Be Natural
93%
Dumb Dumb
93%
Feel My Rhythm
93%
Happiness
93%
Peek-A-Boo
93%
Psycho
93%
Cosmic
91%
Ice Cream Cake
91%
Red Flavor
91%
Bad Boy
88%
Automatic
86%
Chill Kill
84%
Birthday
81%
One Of These Nights
81%
Queendom
81%
Umpah Umpah
79%
#Cookie Jar
74%
Rookie
74%
Wildside
72%
Sappy
67%
No matching quizzes found
Score Distribution
Percent of People with Each Score
Percentile by Number Answered
Your Score History
You have not taken this quiz